000 00900nam a2200301 a 4500
001 61829
003 BD-RjUL
005 20211209081015.0
008 170121t1982 nyua 001 0 eng d
020 _a0442278004
035 _a(BD-RjUL)61953
040 _aHLS
_cHLS
_dBD-RjUL
_beng
041 1 _aeng
_hdut
082 _a745.4
_bSMS 1982
090 _aNK1520
_b.S613x 1982
100 1 _aSmeets, René.
_9184068
245 1 0 _aSigns, symbols & ornaments /
_cRené Smeets.
260 _aNew York :
_bVan Nostrand Reinhold,
_c1982
300 _a176 p. :
_bill. ;
_c24 cm.
500 _aTranslation of: Ornament, symbool & teken.
500 _aIncludes index.
650 0 _aDecoration and ornament.
_9184069
650 0 _aSigns and symbols.
_9184070
650 0 _aSymbolism in art.
_9184071
740 0 1 _aSigns, symbols and ornaments.
942 _2ddc
_cBK
999 _c61829
_d61829